000 00937nam a2200253Ia 4500
003 OSt
005 20221005113240.0
006 a|||||r|||| 00| 0
007 ta
008 221004b |||||||| |||| 00| 0 pan d
020 _a9789387276437 (hbk)
_cINR 200.00
024 _a45139
037 _bSP/6265, 11/02/2019, Star Publications Pvt. Ltd.
_cTextual
040 _aCRL
_cCRL
_bpan
041 _2pan
_apan
082 _aNQ4443wN18, 153Q8
100 _aਸਿੰਘ, ਜਗਤਾਰਜੀਤ, ਂਚ.
245 0 _aਚਿੱਤਰਕਾਰ
_b ਜਸਵੰਤ ਸਿੰਘ
260 _aਪਟਿਆਲਾ
_bਗ੍ਰੈFਿਅਸ ਭਾਰਤ
_c2018
300 _a82ਪ੍ਰ0
_ccm.
650 _aਚਿੱਤਰ ਕਲਾ
_9160881
942 _hNQ4443wN18, 153Q8
_cTEXL
_2cc
999 _c1027546
_d1027546